000 00985nam a22003017a 4500
005 20260130110936.0
008 260130t ||||| |||| 00| 0 spa d
020 _a9789585035522
020 _a9789585035539
040 _aCO-BoUCM
_cDavid Moreno
_dDavid Moreno
041 _aspa
100 1 _aBonet, Rubén
_9187806
245 1 0 _aFractus el ave Fénix
_cRubén Bonet
250 _a1a.Ed
260 _aBogotá, Colombia
_bEcoe Ediciones
_c2022
300 _a300 páginas
650 1 4 _aEmprendimiento
_914097
650 1 4 _aCreación de empresas
_9100062
650 1 4 _aInnovación empresarial
_9179930
650 1 4 _aResiliencia organizacional
_9183773
650 1 4 _aGestión del cambio
_9184556
650 1 4 _aMentalidad emprendedora
_9187807
650 1 4 _aFracaso y reinvención
_9187808
650 1 4 _aModelos de negocio
_9184785
650 1 4 _aCrecimiento empresarial
_912100
942 _2DEWEY
_a16
_cLIBRO
_e1
_h658.421
_mB712f
_n0
999 _c326030
_d326030